Things that are Orange Quiz - Statistics

General Stats
  • This quiz has been taken 800 times
  • The average score is 8 of 15
Answer Stats
Clue Answer % Correct
Is often abbreviated as "OJ" in North America Orange Juice
89%
Anaheim is its biggest city Orange County
83%
Netflix original series set in a federal prison Orange is the New Black
74%
Iconic 1971 Stanley Kubrick movie about an ultra-violent gang member A Clockwork Orange
67%
Orange that is very red inside Blood Orange
67%
Type of citrus that is popular in China; often canned Mandarin Orange
60%
Scary American herbicide used during the Vietnam War Agent Orange
59%
College football event held in Miami Orange Bowl
53%
King of the Netherlands that became the king of England William of Orange
46%
It lies between South Africa and Namibia Orange River
40%
Name for the heir to the Dutch throne Prince of Orange
40%
State flower of Florida Orange Blossom
35%
2004 Democracy movement in Ukraine Orange Revolution
28%
Former country in the interior that was founded by Boer settlers in 1854 Orange Free State
19%
What the Loyal Orange Institution is commonly known as Orange Order
9%
No matching quizzes found
Score Distribution
Percent of People with Each Score
Percentile by Number Answered
Your Score History
You have not taken this quiz